000 004610000a22001690004500
003 MACL
005 20151017145320.0
008 151017b xxu||||| |||| 00| 0 eng d
040 _aMACL
_cMACL
041 _aEnglish
082 _a920/RAM
100 _aRamagundam, Rahul
_915695
245 _aGandhis Khadi
_bA History of Contention and Conciliation
260 _bOrient Longmans Ltd
_c2008
_aNew Delhi
650 _aBiography
_915696
942 _cBK
_k920/RAM
_2ddc
999 _c42173
_d42173